ბათუმის შოთა რუსთაველის სახელმწიფო უნივერსიტეტის ბიბლიოთეკა

თხზულებანი : 12 ტომად. ტ. 4, საქართველოს ეკონომიური ისტორია / (ბიბ.ჩანაწერი № 56586)

000 -ლიდერი
ფიქსირებული სიგრძის საკონტროლო ველი 01564nam a2200289Ia 4500
001 - საკონტროლო ნომერი
საკონტროლო ველი 23700
003 - საკონტროლო ნომრის იდენტიფიკატორი
საკონტროლო ველი GE_BSU
005 - ბოლო ოპერაციის თარიღი და დრო
საკონტროლო ველი 20260326152717.0
008 - ფიქსირებული სიგრძის მონაცემთა ელემენტები - ზოგადი ინფორმაცია
ფიქსირებული სიგრძის საკონტროლო ველი 181216s1996||||ge |||||||||||||| ||geo||
020 ## - წიგნის საერთაშორისო სტანდარტული ნომერი
International Standard Book Number 551106904
040 ## - კატალოგიზაციის წყარო
Transcribing agency GE_BSU
041 ## - ენის კოდი
Language code of text/sound track or separate title geo
080 ## - უნივერსალური ათობითი კლასიფიკაციის ინდექსი
Universal Decimal Classification number 930(479.22)+94(479.22)+338(479.22)(09) ჯ-14
100 ## - მთავარი ჩანაწერი - პიროვნების სახელი
Personal name ჯავახიშვილი, ი. (ივანე, 1876-1940)
9 (RLIN) 11800
245 ## - ცნობა სათაურის შესახებ
Title თხზულებანი : 12 ტომად. ტ. 4, საქართველოს ეკონომიური ისტორია /
Statement of responsibility, etc ივანე ჯავახიშვილი ; [... გამოსაც. მოამზადეს პ. გუგუშვილმა და ვ. ჩანტლაძემ] ; საქ. სსრ მეცნ. აკადემია.
264 ## - წარმოების, გამოცემის, დისტრიბუციის და სხვა ცნობები
გამოცემის, წარმოების, დისტრიბუციის... ადგილი თბილისი :
გამოცემის, წარმოების, დისტრიბუციის... სახელწოდება თბილისის სახელმწ. უნ-ტის გამ-ბა,
გამოცემის, წარმოების, დისტრიბუციის... თარიღი 1996.
300 ## - ფიზიკური აღწერა
Extent 512 გვ. ;
Dimensions 26 სმ
500 ## - ზოგადი შენიშვნა
General note საძიებ. გვ. 459-503
653 ## - INDEX TERM--UNCONTROLLED
Uncontrolled term თხზულებანი : 12 ტომად. ტ. 4
653 ## - INDEX TERM--UNCONTROLLED
Uncontrolled term საქართველოს ეკონომიური ისტორია
653 ## - INDEX TERM--UNCONTROLLED
Uncontrolled term საქართველოს ისტორია
653 ## - INDEX TERM--UNCONTROLLED
Uncontrolled term ქართული ისტორიოგრაფია
700 ## - ADDED ENTRY--PERSONAL NAME
Personal name გუგუშვილი, პ.
Relator term ავტორი
9 (RLIN) 18004
700 ## - ADDED ENTRY--PERSONAL NAME
Personal name ჩანტლაძე, ვ.
Relator term ავტორი
9 (RLIN) 3436
942 ## - ADDED ENTRY ELEMENTS (KOHA)
Koha item type წიგნი
Source of classification or shelving scheme
ეგზემპლარები
ჩამოწერის სტატუსი დაკარგული ეგზემპლარის სტატუსი კლასიფიკაციის წყარო ან თაროზე გაწყობის სქემა დაზიანების სტატუსი არ გაიცემა მუდმივი მდებარეობა (დაცვის ადგილი) ამჟამინდელი ადგილსამყოფელი თაროზე განთავსების ადგილი შეძენის თარიღი ღირებულება, შესყიდვის ნორმალური ფასი სრული შენახვის შიფრი შტრიხკოდი ბოლო ოპერაციის თარიღი ეგზემპლარის მიმდევრობითი ნომერი (კეტერი?) ფასის ძალაში შესვლის თარიღი ეგზემპლარის სახეობა საჯარო შენიშვნა
          ბათუმის შოთა რუსთაველის სახელმწიფო უნივერსიტეტის მთავარი ბიბლიოთეკა ბათუმის შოთა რუსთაველის სახელმწიფო უნივერსიტეტის მთავარი ბიბლიოთეკა წიგნსაცავი 2018-12-17 10.00 930(479.22)+94(479.22)+338(479.22)(09) ჯ-14 28526 2018-12-17 28526 2018-12-17 წიგნი 10.00 ₾.